书目信息 |
| 题名: |
假如克林顿是“龙的传人”
|
|
| 作者: | 信怀南 著 | |
| 分册: | ||
| 出版信息: | 北京 中国友谊出版公司 2003 |
|
| 页数: | 303页 | |
| 开本: | 20cm | |
| 丛书名: | ||
| 单 册: | ||
| 中图分类: | C93-49 | |
| 科图分类: | ||
| 主题词: | 管理学--通俗读物 , 管理学 | |
| 电子资源: | ||
| ISBN: | 7-5057-1856-8 | |
| 000 | 01043nam0 2200277 450 | |
| 001 | 002224277 | |
| 005 | 20070920102049.01 | |
| 010 | @a7-5057-1856-8@dCNY20.00 | |
| 092 | @aCN@b492546 | |
| 100 | @a20030109d2003 em y0chiy0110 ea | |
| 101 | 0 | @achi |
| 102 | @aCN@b110000 | |
| 105 | @ay z 000yy | |
| 200 | 1 | @a假如克林顿是“龙的传人”@9jia ru ke lin dun shi “ long de chuan ren ”@e跳出框框的思考与管理@f信怀南著 |
| 210 | @a北京@c中国友谊出版公司@d2003 | |
| 215 | @a303页@d20cm | |
| 305 | @a(台湾)商智文化事业股份有限公司授权出版 | |
| 314 | @a信怀南,本名罗家鹏,在两岸三地从事专案管理、教育训练及专栏写作,著有《假如克林顿是“龙的传人”》、《老美看着》等。 | |
| 330 | @a本书作者用轻松幽默的笔触、新颖独特的观点以古喻今,从经营管理、策略分析、用人处事到进退之道不一而足。 | |
| 517 | 1 | @a跳出框框的思考与管理@9tiao chu kuang kuang de si kao yu guan li |
| 606 | 0 | @a管理学@j通俗读物 |
| 606 | 0 | @a管理学 |
| 690 | @aC93-49@v4 | |
| 701 | 0 | @a信怀南@9xin huai nan@4著 |
| 801 | 0 | @aCN@bNLC@c20070920 |
| 905 | @a10447@dC93-49@e399 | |
| 假如克林顿是“龙的传人”:跳出框框的思考与管理/信怀南著.-北京:中国友谊出版公司,2003 |
| 303页;20cm |
| ISBN 7-5057-1856-8:CNY20.00 |
| 本书作者用轻松幽默的笔触、新颖独特的观点以古喻今,从经营管理、策略分析、用人处事到进退之道不一而足。 |
| ● |
| 相关链接 |
|
|
|
|
正题名:假如克林顿是"龙的传人"
索取号:C93-49/399
 
预约/预借
| 序号 | 登录号 | 条形码 | 馆藏地/架位号 | 状态 | 备注 |
| 1 | 0564463 | 205644631 | 第一样本阅览室/ [索取号:C93-49/399] | 在馆 |